Statistiken für Gemeinden von Landeck

Klicken Sie hier um das Quiz zu spielen!

Allgemein

  • Dieses Quiz wurde 171 mal gespielt
  • Das Durchschnittsergebnis liegt bei 17 aus 30

Antwortstatistiken

EinwohnerGemeinde% Korrekt
7.642Landeck
98%
2.358St. Anton am Arlberg
86%
3.406Zams
80%
1.617Ischgl
78%
787Galtür
76%
1.125Serfaus
73%
2.610Pfunds
67%
1.263See
67%
1.041Fiss
65%
529Ladis
61%
1.531Nauders
61%
1.678Schönwies
61%
602Kaunertal
59%
1.500Pettneu am Arlberg
59%
499Kauns
57%
1.008Flirsch
55%
2.580Kappl
55%
436Kaunerberg
55%
512Tobadill
55%
1.845Prutz
51%
1.207Strengen
51%
3.051Fließ
49%
1.388Grins
49%
578Stanz bei Landeck
49%
801Pians
45%
1.274Ried im Oberinntal
43%
378Faggen
35%
253Fendels
35%
754Tösens
35%
109Spiss
27%

Verteilung der Resultate

Perzentil nach korrekt beantworteten Fragen

Anzahl Personen mit jedem Resultat

Ihre Resultats-Entwicklung

Sie haben dieses Quiz noch nicht gespielt